1 to 100 in 15 seconds - Statistics

General Stats
  • This quiz has been taken 54 times
  • The average score is 26 of 100
Answer Stats
Hint Answer % Correct
1 1
100%
2 2
93%
3 3
93%
4 4
93%
5 5
89%
6 6
89%
8 8
89%
7 7
85%
9 9
85%
16 16
81%
18 18
81%
10 10
78%
13 13
78%
14 14
78%
15 15
78%
17 17
78%
19 19
78%
11 11
74%
12 12
74%
20 20
67%
21 21
63%
24 24
59%
25 25
59%
26 26
59%
22 22
56%
23 23
56%
27 27
56%
28 28
56%
29 29
52%
30 30
37%
32 32
33%
33 33
33%
37 37
33%
31 31
30%
34 34
30%
35 35
30%
36 36
30%
38 38
22%
39 39
22%
40 40
19%
41 41
15%
44 44
11%
42 42
7%
55 55
7%
100 100
4%
43 43
4%
45 45
4%
46 46
4%
62 62
4%
64 64
4%
65 65
4%
66 66
4%
67 67
4%
68 68
4%
72 72
4%
74 74
4%
75 75
4%
76 76
4%
77 77
4%
85 85
4%
88 88
4%
89 89
4%
91 91
4%
99 99
4%
47 47
0%
48 48
0%
49 49
0%
50 50
0%
51 51
0%
52 52
0%
53 53
0%
54 54
0%
56 56
0%
57 57
0%
58 58
0%
59 59
0%
60 60
0%
61 61
0%
63 63
0%
69 69
0%
70 70
0%
71 71
0%
73 73
0%
78 78
0%
79 79
0%
80 80
0%
81 81
0%
82 82
0%
83 83
0%
84 84
0%
86 86
0%
87 87
0%
90 90
0%
92 92
0%
93 93
0%
94 94
0%
95 95
0%
96 96
0%
97 97
0%
98 98
0%
No matching quizzes found
Score Distribution
Percent of People with Each Score
Percentile by Number Answered
Your Score History
You have not taken this quiz